Statistics for Five Most Populated Countries by Alphabetical Limit

Click here to take the quiz!

General Stats

  • This quiz has been taken 1,098 times
    (1,085 since last reset)
  • The average score is 27 of 40

Answer Stats

StartEndCountry% Correct
AFBRBrazil
91%
BUDJChina
84%
DOGEGermany
83%
GHLEIndia
83%
TAZIUnited States
83%
AFBRAfghanistan
82%
TAZIUnited Kingdom
80%
DOGEFrance
78%
GHLEIndonesia
78%
AFBRArgentina
76%
LIMYMexico
76%
NARWRussia
76%
AFBRBangladesh
74%
NARWNigeria
74%
NARWPakistan
74%
GHLEJapan
72%
DOGEDR Congo
71%
DOGEEgypt
71%
SASYSouth Africa
71%
LIMYMyanmar
69%
BUDJColombia
68%
SASYSouth Korea
68%
GHLEIran
67%
SASYSpain
67%
TAZIVietnam
67%
BUDJCanada
66%
DOGEEthiopia
66%
AFBRAlgeria
63%
TAZIThailand
63%
TAZITurkey
63%
NARWPhilippines
61%
SASYSudan
60%
SASYSaudi Arabia
59%
GHLEIraq
58%
LIMYMalaysia
56%
NARWPoland
49%
LIMYMorocco
41%
BUDJCameroon
39%
LIMYMozambique
36%
BUDJCôte d'Ivoire
21%

Score Distribution

Percentile by Number Answered

Percent of People with Each Score

Your Score History

You have not taken this quiz since the last reset